|
|
|
|
| LEADER |
00867nam a22002652a 4500 |
| 001 |
001250939 |
| 003 |
CZ BrMZK |
| 005 |
20120920151456.0 |
| 007 |
ta |
| 008 |
120920s1973 gw er|||||||||||ger d |
| 040 |
|
|
|a BOA001
|b cze
|
| 041 |
1 |
|
|a ger
|h swe
|
| 100 |
1 |
|
|a Allwood, Jens,
|d 1947-
|7 jn20000600163
|4 aut
|
| 245 |
1 |
0 |
|a Logik für Linguisten /
|c Jens Allwood, Lars Gunner Anderson, Östen Dahl
|
| 260 |
|
|
|a Tübingen :
|b M. Niemeyer,
|c 1973
|
| 300 |
|
|
|a 11, 112 s.
|
| 490 |
1 |
|
|a Romanistische Arbeitshefte ;
|v 8
|
| 504 |
|
|
|a Obsahuje bibliografii
|
| 700 |
1 |
|
|a Anderson, Lars Gunner
|4 aut
|
| 700 |
1 |
|
|a Dahl, Östen,
|d 1945-
|7 ola2007364812
|4 aut
|
| 830 |
|
0 |
|a Romanistische Arbeitshefte
|
| 910 |
|
|
|a BOA001
|b 2-0724.371
|
| 990 |
|
|
|a BK
|
| 991 |
|
|
|b 201209
|
| 996 |
7 |
|
|b 2619652212
|c 2-0724.371
|l Sklad H1
|r Sklad / do 24 hodin
|n 0
|h HS212
|w 001284988
|u 000010
|a 1
|e BOA001
|j MZK50
|s A
|